Kadra reprezentacji Anglii na Mistrzostwa Świata 2026 - Statystyki

Ogólne statystyki
  • Ten quiz został rozwiązany 27 razy
  • Średni wynik to 18 z 26
Statystyki odpowiedzi
Pozycja Klub Zawodnik % Poprawnych
Bramkarz Everton Jordan Pickford
100%
Napastnik Bayern Monachium Harry Kane
96%
Pomocnik Arsenal Declan Rice
88%
Obrońca Manchester City John Stones
88%
Pomocnik Real Madryt Jude Bellingham
88%
Pomocnik FC Barcelona Marcus Rashford
88%
Napastnik Aston Villa Ollie Watkins
85%
Pomocnik Arsenal Bukayo Saka
81%
Bramkarz Crystal Palace Dean Henderson
77%
Bramkarz Manchester City James Trafford
77%
Pomocnik Brentford Jordan Henderson
77%
Pomocnik Manchester United Kobbie Mainoo
73%
Obrońca Newcastle United Dan Burn
69%
Napastnik Al-Ahli Ivan Toney
69%
Obrońca Chelsea Reece James
65%
Obrońca Manchester City Marc Guéhi
58%
Pomocnik Newcastle United Anthony Gordon
54%
Pomocnik Arsenal Eberechi Eze
54%
Obrońca Aston Villa Ezri Konsa
54%
Pomocnik Aston Villa Morgan Rogers
54%
Obrońca Tottenham Djed Spence
50%
Pomocnik Nottingham Forest Elliot Anderson
50%
Obrońca Manchester City Nico O’Reilly
46%
Pomocnik Arsenal Noni Madueke
46%
Obrońca Newcastle United Tino Livramento
46%
Obrońca Bayer Leverkusen Jarell Quansah
42%
Nie znaleziono quizów pasujących do podanych kryteriów
Rozkład punktacji
Procent ludzi z każdym wynikiem
Percentyl według liczby udzielonych odpowiedzi
Twoja historia wyników
Nie rozwiązałeś tego quizu